Statistics for premier league teams by nickname

Click here to take the quiz!

General Stats

  • This quiz has been taken 13 times
  • The average score is 14 of 15

Answer Stats

HintAnswer% Correct
villansaston villa
100%
seagullsbrighton
100%
blueschelsea
100%
foxesleicester
100%
redsliverpool
100%
citizensmanchester city
100%
red devilsmanchester united
100%
spurstottenham
100%
gunnersarsenal
92%
toffeeseverton
92%
bladessheffield
92%
saintssouthampton
92%
eaglescrystal palace
85%
geordiesnewcastle
85%
cherriesbournemouth
69%

Score Distribution

Percentile by Number Answered

Percent of People with Each Score

Your Score History

You have not taken this quiz